[Event "Mittelfranken-chTB2a 1819"]
[Site "Mittelfranken"]
[Date "2019.03.31"]
[Round "8.1"]
[White "Killmann, Martin"]
[Black "Kociurzynski, Andre"]
[Result "1-0"]
[WhiteElo "2062"]
[BlackElo "2022"]
[PlyCount "61"]
[EventDate "2018.10.14"]
[EventType "team-tourn"]
[EventRounds "9"]
[EventCountry "GER"]
[SourceTitle "EXT 2022"]
[Source "ChessBase"]
[SourceDate "2021.10.06"]
[SourceVersion "1"]
[SourceVersionDate "2021.10.06"]
[SourceQuality "1"]
[WhiteTeam "Jaecklechemie SC"]
[BlackTeam "Fuerth SF"]
[WhiteTeamCountry "GER"]
[BlackTeamCountry "GER"]

1. d4 Nf6 2. c4 d6 3. Nc3 g6 4. e4 Bg7 5. Nf3 0-0 6. Be2 e5 7. 0-0 Nc6 8. d5 Ne7 9. Ne1 Nd7 10. Be3 f5 11. f3 f4 12. Bf2 g5 13. Rc1 Rf6 14. c5 Rh6 15. cxd6 cxd6 16. Nb5 Qe8 17. Nxa7 Qh5 18. h3 Rxa7 19. Bxa7 Nc5 20. Rf2 Bxh3 21. gxh3 Qxh3 22. Rg2 Qh1+ 23. Kf2 Nf5 24. exf5 e4 25. Bxc5 dxc5 26. Bf1 Bd4+ 27. Ke2 Rh2 28. Qb3 h5 29. d6+ Kf8 30. d7 exf3+ 31. Qxf3 1-0

[Event "Mittelfranken-chTB2a 1819"]
[Site "Mittelfranken"]
[Date "2018.10.14"]
[Round "1.1"]
[White "Kotitschke, Karlheinz"]
[Black "Kociurzynski, Andre"]
[Result "0-1"]
[WhiteElo "1822"]
[BlackElo "2022"]
[PlyCount "72"]
[EventDate "2018.10.14"]
[EventType "team-tourn"]
[EventRounds "9"]
[EventCountry "GER"]
[SourceTitle "EXT 2022"]
[Source "ChessBase"]
[SourceDate "2021.10.06"]
[SourceVersion "1"]
[SourceVersionDate "2021.10.06"]
[SourceQuality "1"]
[WhiteTeam "Rothenburg II"]
[BlackTeam "Fuerth SF"]
[WhiteTeamCountry "GER"]
[BlackTeamCountry "GER"]

1. d4 g6 2. Bf4 Bg7 3. Nc3 d6 4. Qd2 c6 5. 0-0-0 b5 6. Kb1 Nf6 7. f3 b4 8. Ne4 Nd5 9. Bh6 Bxh6 10. Qxh6 Qb6 11. Ka1 Nd7 12. e3 Ba6 13. Bd3 b3 14. cxb3 Bxd3 15. Rxd3 a5 16. Ne2 Nb4 17. Rc3 a4 18. Qg7 Rf8 19. bxa4 Rxa4 20. a3 Nd5 21. Rd3 Qa6 22. Rhd1 Nb4 23. R3d2 Nb6 24. N2c3 Ra5 25. Nc5 Qc4 26. Kb1 Na6 27. Nb7 Rxa3 28. bxa3 Qxc3 29. Rd3 Qc4 30. Na5 Qa4 31. Nb7 Qb5+ 32. Ka1 Nd5 33. e4 Nf4 34. Nc5 dxc5 35. dxc5 Nxd3 36. Qd4 Naxc5 0-1

[Event "Mittelfranken-chTB2a 1718"]
[Site "Mittelfranken"]
[Date "2018.05.06"]
[Round "9.1"]
[White "Wenke, Oldrich"]
[Black "Kociurzynski, Andre"]
[Result "0-1"]
[WhiteElo "2055"]
[BlackElo "2017"]
[PlyCount "106"]
[EventDate "2017.10.08"]
[EventType "team-tourn"]
[EventRounds "9"]
[EventCountry "GER"]
[SourceTitle "EXT 2022"]
[Source "ChessBase"]
[SourceDate "2021.10.06"]
[SourceVersion "1"]
[SourceVersionDate "2021.10.06"]
[SourceQuality "1"]
[WhiteTeam "Treuchtlingen/Wet SG"]
[BlackTeam "Fuerth SF"]
[WhiteTeamCountry "GER"]
[BlackTeamCountry "GER"]

1. e4 c5 2. d4 cxd4 3. c3 dxc3 4. Nxc3 Nc6 5. Bc4 e6 6. Nf3 a6 7. 0-0 b5 8. Bb3 Bb7 9. Qe2 Na5 10. Bc2 Ne7 11. Bg5 f6 12. Bh4 Ng6 13. e5 Bxf3 14. Qxf3 Nxe5 15. Qe2 Be7 16. Qh5+ g6 17. Qh6 Bf8 18. Qe3 Bg7 19. b4 Nac4 20. Qe2 0-0 21. a4 Qb6 22. Kh1 Nc6 23. f4 Qe3 24. axb5 axb5 25. Bd3 Qxe2 26. Bxe2 Ne3 27. Rxa8 Rxa8 28. Rb1 Nd4 29. Bxb5 Rc8 30. Bxd7 Rxc3 31. b5 Rc7 32. Bf2 Rxd7 33. Bxe3 e5 34. g4 Rb7 35. b6 Kf7 36. Kg2 Ke6 37. Kf2 Bf8 38. fxe5 fxe5 39. Bxd4 exd4 40. Rb5 Be7 41. Ke2 Bd8 42. Kd3 Bxb6 43. h4 Rb8 44. Rb1 Bc7 45. Ra1 Kd5 46. Ra7 Rb3+ 47. Kc2 Rc3+ 48. Kb2 Ke4 49. Ra8 Rc5 50. Rh8 d3 51. Rxh7 d2 52. Rd7 Be5+ 53. Kb3 Bd4 0-1

[Event "Mittelfranken-chTB2a 1718"]
[Site "Mittelfranken"]
[Date "2017.11.19"]
[Round "3.1"]
[White "Kociurzynski, Andre"]
[Black "Schubert, Dieter"]
[Result "1-0"]
[WhiteElo "2017"]
[BlackElo "2138"]
[PlyCount "141"]
[EventDate "2017.10.08"]
[EventType "team-tourn"]
[EventRounds "9"]
[EventCountry "GER"]
[SourceTitle "EXT 2022"]
[Source "ChessBase"]
[SourceDate "2021.10.06"]
[SourceVersion "1"]
[SourceVersionDate "2021.10.06"]
[SourceQuality "1"]
[WhiteTeam "Fuerth SF"]
[BlackTeam "Fuerth SG"]
[WhiteTeamCountry "GER"]
[BlackTeamCountry "GER"]

1. e4 e5 2. Nf3 Nf6 3. Nc3 Nc6 4. Bc4 Nxe4 5. Nxe4 d5 6. Bxd5 Qxd5 7. Nc3 Qd8 8. h3 Be7 9. d3 Be6 10. a3 h6 11. Be3 Qd7 12. b4 a6 13. Na4 b6 14. Nc3 f5 15. Qe2 Bf6 16. 0-0 e4 17. dxe4 Bxc3 18. Rad1 Qe7 19. exf5 Bf7 20. Qd3 Bf6 21. Rfe1 0-0 22. Bc5 bxc5 23. Rxe7 Bxe7 24. Qe4 cxb4 25. axb4 Be8 26. g4 Rd8 27. Rxd8 Bxd8 28. Qc4+ Kh8 29. Qxa6 Nxb4 30. Qc4 Nc6 31. Qe6 Be7 32. h4 Bd6 33. g5 Bf7 34. Qe4 Ne7 35. Nd4 Bd5 36. Qd3 Ra8 37. f3 Ra3 38. Qb5 c6 39. Qb6 Ra8 40. Kg2 Rf8 41. c4 Bxc4 42. f6 gxf6 43. g6 Rb8 44. Qa7 Nxg6 45. Nf5 Nf4+ 46. Kh1 Rb1+ 47. Kh2 Rb2+ 48. Kh1 Bf8 49. Qd4 Rb1+ 50. Kh2 Bd5 51. Qxf4 Rb2+ 52. Kg3 Rb3 53. Ne3 Bg8 54. Qxf6+ Bg7 55. Qe7 Rb5 56. f4 Rb3 57. Kg4 Bh7 58. f5 Rb8 59. Nc4 Rf8 60. Nd6 Bg8 61. Kf4 Rf6 62. Ke3 Bd5 63. Kf4 Kh7 64. Ne8 Rf7 65. Qd6 Kg8 66. Kg4 Ra7 67. Nc7 Ra4+ 68. Kg3 Be4 69. Qe6+ Kh8 70. f6 Bf8 71. Qe8 1-0

[Event "Mittelfranken-chTB2a 1718"]
[Site "Mittelfranken"]
[Date "2017.10.08"]
[Round "1.1"]
[White "Kociurzynski, Andre"]
[Black "Vasilache, Catalin"]
[Result "1-0"]
[WhiteElo "2017"]
[BlackElo "1973"]
[PlyCount "47"]
[EventDate "2017.10.08"]
[EventType "team-tourn"]
[EventRounds "9"]
[EventCountry "GER"]
[SourceTitle "EXT 2022"]
[Source "ChessBase"]
[SourceDate "2021.10.06"]
[SourceVersion "1"]
[SourceVersionDate "2021.10.06"]
[SourceQuality "1"]
[WhiteTeam "Fuerth SF"]
[BlackTeam "Buechenbach/Roth II"]
[WhiteTeamCountry "GER"]
[BlackTeamCountry "GER"]

1. e4 c6 2. d4 d5 3. f3 dxe4 4. fxe4 e5 5. Nf3 Be6 6. c3 Nd7 7. Bd3 Qc7 8. Ng5 exd4 9. Nxe6 fxe6 10. cxd4 e5 11. Bg5 Bb4+ 12. Nd2 exd4 13. 0-0 Ne5 14. Nc4 Nxd3 15. Qxd3 b5 16. Rad1 Be7 17. Qf3 0-0-0 18. Qf5+ Qd7 19. Ne5 Qxf5 20. Rxf5 g6 21. Bxe7 Re8 22. Rf7 Rxe7 23. Rf8+ Kc7 24. Nf7 1-0

[Event "Mittelfranken-chTB1 1415"]
[Site "Mittelfranken"]
[Date "2015.04.19"]
[Round "9.2"]
[White "Kociurzynski, Andre"]
[Black "Sattler, Stefan"]
[Result "1-0"]
[WhiteElo "2019"]
[BlackElo "2048"]
[PlyCount "91"]
[EventDate "2014.09.29"]
[EventType "team-tourn"]
[EventRounds "9"]
[EventCountry "GER"]
[SourceTitle "EXT 2020"]
[Source "ChessBase"]
[SourceDate "2019.10.17"]
[SourceVersion "1"]
[SourceVersionDate "2019.10.17"]
[SourceQuality "1"]
[WhiteTeam "Fuerth SF"]
[BlackTeam "Herzogenaurach"]
[WhiteTeamCountry "GER"]
[BlackTeamCountry "GER"]

1. e4 e6 2. Nf3 d5 3. Nc3 Nf6 4. Qe2 b6 5. d3 Bb7 6. Bg5 dxe4 7. dxe4 Ba6 8. Qd2 Qxd2+ 9. Nxd2 Bxf1 10. Rxf1 Nc6 11. 0-0-0 0-0-0 12. f4 Be7 13. Nf3 Rxd1+ 14. Rxd1 h6 15. Bh4 Rd8 16. Rd3 a5 17. a3 Re8 18. e5 Nd7 19. Bxe7 Rxe7 20. Ne4 f5 21. Nc3 Nc5 22. Rd1 Rd7 23. Rxd7 Kxd7 24. Kd2 Ne7 25. Ke3 c6 26. Nd2 b5 27. Kd4 Na6 28. Nb3 g5 29. g3 gxf4 30. gxf4 a4 31. Nc5+ Nxc5 32. Kxc5 Ng6 33. Ne2 Kc7 34. b3 axb3 35. cxb3 Nf8 36. a4 Nd7+ 37. Kb4 bxa4 38. bxa4 Kb6 39. Kc4 c5 40. Nc3 Ka5 41. Nb5 Kb6 42. a5+ Kc6 43. Nc3 Nf8 44. a6 Nd7 45. Na4 h5 46. a7 1-0

[Event "Mittelfranken-chTB1 1415"]
[Site "Mittelfranken"]
[Date "2015.03.22"]
[Round "8.3"]
[White "Kociurzynski, Andre"]
[Black "Naegelein, Andreas"]
[Result "1-0"]
[WhiteElo "2019"]
[BlackElo "1987"]
[PlyCount "87"]
[EventDate "2014.09.29"]
[EventType "team-tourn"]
[EventRounds "9"]
[EventCountry "GER"]
[SourceTitle "EXT 2020"]
[Source "ChessBase"]
[SourceDate "2019.10.17"]
[SourceVersion "1"]
[SourceVersionDate "2019.10.17"]
[SourceQuality "1"]
[WhiteTeam "Fuerth SF"]
[BlackTeam "Postbauer Heng"]
[WhiteTeamCountry "GER"]
[BlackTeamCountry "GER"]

1. e4 d6 2. Nf3 g6 3. d4 Bg7 4. Bc4 Nc6 5. 0-0 e5 6. dxe5 Nxe5 7. Nxe5 Bxe5 8. Nc3 Ne7 9. f4 Bxc3 10. bxc3 Be6 11. Bb5+ c6 12. Bd3 Qb6+ 13. Kh1 Qc5 14. a4 0-0-0 15. Qe2 Rhe8 16. a5 Kb8 17. Be3 Qxc3 18. Rfb1 Nc8 19. Ra4 Qg7 20. Ba6 Re7 21. Rab4 Rdd7 22. e5 f6 23. exd6 Nxd6 24. Bc5 Bf5 25. Bxd6+ Rxd6 26. Rxb7+ Rxb7 27. Rxb7+ Qxb7 28. Bxb7 Kxb7 29. h3 Be6 30. c4 c5 31. Qb2+ Kc7 32. Qb5 Rc6 33. Kg1 h5 34. Kf2 a6 35. Qb3 Bd7 36. Qe3 f5 37. Qe5+ Kc8 38. Kg3 Be6 39. Qh8+ Kc7 40. Qg7+ Bd7 41. Qe7 Rd6 42. Kh4 Kc6 43. Qd8 Kb7 44. Kg5 1-0

[Event "Mittelfranken-chTB1 1415"]
[Site "Mittelfranken"]
[Date "2014.10.12"]
[Round "2.3"]
[White "Kociurzynski, Andre"]
[Black "Herbst, Thomas"]
[Result "1/2-1/2"]
[WhiteElo "2019"]
[BlackElo "1823"]
[PlyCount "94"]
[EventDate "2014.09.29"]
[EventType "team-tourn"]
[EventRounds "9"]
[EventCountry "GER"]
[SourceTitle "EXT 2020"]
[Source "ChessBase"]
[SourceDate "2019.10.17"]
[SourceVersion "1"]
[SourceVersionDate "2019.10.17"]
[SourceQuality "1"]
[WhiteTeam "Fuerth SF"]
[BlackTeam "Nuernberg SK 1911"]
[WhiteTeamCountry "GER"]
[BlackTeamCountry "GER"]

1. e4 e5 2. Nf3 Nf6 3. Nc3 Bb4 4. Bc4 Nc6 5. a3 Bxc3 6. dxc3 h6 7. 0-0 d6 8. Qd3 0-0 9. b4 Ne7 10. Rd1 Ng6 11. Bb3 Qe7 12. c4 b6 13. c3 Bb7 14. Re1 Rfd8 15. Ra2 Nh5 16. Qf1 Nhf4 17. g3 Ne6 18. Bd1 a5 19. h4 Ngf8 20. Rc2 Nd7 21. Qh3 Nf6 22. Rce2 Bc8 23. Qg2 Nf8 24. Nh2 Be6 25. Nf1 Bxc4 26. Ne3 Bxe2 27. Bxe2 axb4 28. cxb4 c6 29. b5 cxb5 30. Bxb5 Rdc8 31. g4 Ng6 32. Nf5 Qe6 33. g5 hxg5 34. Qxg5 Rc5 35. a4 Nh7 36. Qg4 Qf6 37. Be3 Rc3 38. Rd1 Rxe3 39. fxe3 Rd8 40. Rf1 Ne7 41. Bc4 Rf8 42. Ng3 Qh6 43. Rf3 Nf6 44. Qg5 Qxg5 45. hxg5 Nh7 46. Nh5 Kh8 47. Rg3 Ng6 1/2-1/2

[Event "Regionalliga NO 1314"]
[Site "Bayern"]
[Date "2014.02.09"]
[Round "6.7"]
[White "Kociurzynski, Andre"]
[Black "Boese, Klaus"]
[Result "1/2-1/2"]
[WhiteElo "1965"]
[BlackElo "1909"]
[PlyCount "51"]
[EventDate "2013.10.13"]
[EventType "team-tourn"]
[EventRounds "9"]
[EventCountry "GER"]
[SourceTitle "EXT 2015"]
[Source "ChessBase"]
[SourceDate "2014.11.20"]
[SourceVersion "1"]
[SourceVersionDate "2014.11.20"]
[SourceQuality "1"]
[WhiteTeam "Fuerth SF"]
[BlackTeam "Bechhofen"]
[WhiteTeamCountry "GER"]
[BlackTeamCountry "GER"]

1. e4 c5 2. Nf3 e6 3. d4 cxd4 4. Nxd4 Nf6 5. Nc3 Nc6 6. Be2 Bb4 7. 0-0 Bxc3 8. bxc3 Nxe4 9. Qd3 d5 10. Nxc6 bxc6 11. Ba3 f6 12. Bf3 Ng5 13. Bh5+ g6 14. h4 Nf7 15. Be2 Nd6 16. Qg3 Nf5 17. Qf4 Kf7 18. Rab1 e5 19. Qa4 Qc7 20. h5 Bd7 21. g4 c5 22. Bb5 Bxb5 23. Rxb5 Ng7 24. Rxc5 Qb7 25. Rb5 Qd7 26. Qb3 1/2-1/2

[Event "Regionalliga NO 1314"]
[Site "Bayern"]
[Date "2013.11.10"]
[Round "2.5"]
[White "Kaeck, Ralf"]
[Black "Kociurzynski, Andre"]
[Result "0-1"]
[WhiteElo "1880"]
[BlackElo "1965"]
[PlyCount "96"]
[EventDate "2013.10.13"]
[EventType "team-tourn"]
[EventRounds "9"]
[EventCountry "GER"]
[SourceTitle "EXT 2015"]
[Source "ChessBase"]
[SourceDate "2014.11.20"]
[SourceVersion "1"]
[SourceVersionDate "2014.11.20"]
[SourceQuality "1"]
[WhiteTeam "Windischeschenbach"]
[BlackTeam "Fuerth SF"]
[WhiteTeamCountry "GER"]
[BlackTeamCountry "GER"]

1. d4 d5 2. Nf3 Nf6 3. e3 e6 4. Bd3 Nbd7 5. 0-0 Be7 6. Nbd2 0-0 7. b3 Re8 8. Bb2 c6 9. Ne5 Nf8 10. Qf3 Qc7 11. Rfd1 Ng6 12. Rac1 Bd6 13. Bxg6 hxg6 14. c4 Qe7 15. Rc2 Bd7 16. e4 Bb4 17. Bc3 Rad8 18. c5 Bxc3 19. Rxc3 Bc8 20. Qe2 Nh5 21. Rf3 f5 22. Qe3 f4 23. Qe2 Qg5 24. Rh3 Rf8 25. Ndf3 Qf6 26. Nh4 f3 27. Qxf3 Nf4 28. Ng4 Nxh3+ 29. Qxh3 Qg5 30. Ne5 Qh6 31. Nhxg6 Qxh3 32. gxh3 Rf6 33. f3 Bd7 34. h4 Be8 35. h5 Bxg6 36. hxg6 dxe4 37. fxe4 Rf4 38. Nf7 Rg4+ 39. Kf2 Rf8 40. Ke3 Rxg6 41. Ne5 Rg2 42. Nf3 Rxa2 43. Rd3 a5 44. d5 exd5 45. exd5 cxd5 46. Rxd5 Ra3 47. Rd3 a4 48. bxa4 Rxf3+ 0-1

[Event "Mittelfranken-chTB1 1011"]
[Site "Germany"]
[Date "2010.12.05"]
[Round "4.6"]
[White "Kociurzynski, Andre"]
[Black "Braun, Robert"]
[Result "1-0"]
[WhiteElo "1936"]
[BlackElo "1921"]
[PlyCount "37"]
[EventDate "2010.09.26"]
[EventType "team-tourn"]
[EventRounds "9"]
[EventCountry "GER"]
[SourceTitle "EXT 2012"]
[Source "ChessBase"]
[SourceDate "2011.11.24"]
[SourceVersion "1"]
[SourceVersionDate "2011.11.24"]
[SourceQuality "1"]
[WhiteTeam "Fuerth"]
[BlackTeam "Buechenbach/Roth"]
[WhiteTeamCountry "GER"]
[BlackTeamCountry "GER"]

1. e4 c5 2. Nf3 d6 3. d4 cxd4 4. Nxd4 e5 5. Nb3 Nf6 6. Nc3 a6 7. Be2 Be6 8. Be3 Qc7 9. 0-0 Nbd7 10. a4 Nb6 11. Nd2 Rc8 12. a5 Nc4 13. Nxc4 Bxc4 14. Bxc4 Qxc4 15. Bg5 Nxe4 16. Ra4 Nxc3 17. Rxc4 Nxd1 18. Rxc8+ Kd7 19. Ra8 1-0

[Event "Mittelfranken-chTB1 1011"]
[Site "Germany"]
[Date "2010.10.17"]
[Round "2.5"]
[White "Maettig, Stefan"]
[Black "Kociurzynski, Andre"]
[Result "1-0"]
[WhiteElo "1979"]
[BlackElo "1936"]
[PlyCount "39"]
[EventDate "2010.09.26"]
[EventType "team-tourn"]
[EventRounds "9"]
[EventCountry "GER"]
[SourceTitle "EXT 2012"]
[Source "ChessBase"]
[SourceDate "2011.11.24"]
[SourceVersion "1"]
[SourceVersionDate "2011.11.24"]
[SourceQuality "1"]
[WhiteTeam "Nuernberg NT III"]
[BlackTeam "Fuerth"]
[WhiteTeamCountry "GER"]
[BlackTeamCountry "GER"]

1. e4 c5 2. Nf3 e6 3. d4 cxd4 4. Nxd4 a6 5. Nc3 Qc7 6. Be2 Nf6 7. a3 Be7 8. 0-0 b5 9. f4 Bb7 10. Bf3 Nc6 11. Nb3 d6 12. Be3 0-0 13. Qe1 Nd7 14. Qf2 b4 15. axb4 Nxb4 16. Rac1 Bf6 17. Nd4 Nc5 18. g4 Nc6 19. Nde2 Ne7 20. Bxc5 1-0

[Event "Mittelfranken-chTB1 0910"]
[Site "Mittelfranken"]
[Date "2010.04.18"]
[Round "9.3"]
[White "Haubold, Martin"]
[Black "Kociurzynski, Andre"]
[Result "0-1"]
[WhiteElo "1979"]
[BlackElo "1936"]
[PlyCount "76"]
[EventDate "2009.10.11"]
[EventType "team-tourn"]
[EventRounds "9"]
[EventCountry "GER"]
[SourceTitle "EXT 2011"]
[Source "ChessBase"]
[SourceDate "2010.11.26"]
[SourceVersion "1"]
[SourceVersionDate "2010.11.26"]
[SourceQuality "1"]
[WhiteTeam "Nuernberg NT III"]
[BlackTeam "Fuerth SF"]
[WhiteTeamCountry "GER"]
[BlackTeamCountry "GER"]

1. d4 Nf6 2. Bg5 d5 3. Bxf6 exf6 4. e3 Bd6 5. c4 dxc4 6. Bxc4 Nd7 7. Qh5 0-0 8. Nc3 Nb6 9. Bd3 g6 10. Qf3 c5 11. d5 Be5 12. Nge2 Bd7 13. 0-0 h5 14. e4 Qc7 15. h3 Na4 16. Rab1 Kg7 17. Nxa4 Bxa4 18. b3 Bd7 19. Qe3 Bd6 20. Rbc1 Qa5 21. Rc2 Rae8 22. f4 c4 23. Rxc4 Qxd5 24. Nc3 Qa5 25. Qd4 b5 26. Nd5 bxc4 27. Qxf6+ Kh7 28. Qxd6 cxd3 29. Nf6+ Kg7 30. Nxd7 Qd8 31. f5 f6 32. e5 Rxe5 33. Qxf8+ Qxf8 34. Nxf8 d2 35. Ne6+ Kg8 36. Kf2 Rxf5+ 37. Ke2 Rxf1 38. Kxd2 Rf2+ 0-1

[Event "Mittelfranken-ch HT 59th"]
[Site "Forchheim"]
[Date "2010.03.30"]
[Round "1"]
[White "Seibold, Hubert"]
[Black "Kociurzynski, Andre"]
[Result "1-0"]
[WhiteElo "2115"]
[BlackElo "1936"]
[PlyCount "119"]
[EventDate "2010.03.30"]
[EventType "swiss"]
[EventRounds "9"]
[EventCountry "GER"]
[SourceTitle "EXT 2011"]
[Source "ChessBase"]
[SourceDate "2010.11.26"]
[SourceVersion "1"]
[SourceVersionDate "2010.11.26"]
[SourceQuality "1"]

1. e4 d5 2. exd5 Qxd5 3. Nc3 Qd6 4. d4 Nf6 5. Nf3 a6 6. Bd3 Bg4 7. h3 Bh5 8. Be3 e6 9. Qe2 Be7 10. 0-0-0 Nc6 11. g4 Bg6 12. Kb1 Nb4 13. Bxg6 hxg6 14. Ne5 Nbd5 15. Nxd5 Nxd5 16. Bc1 b5 17. h4 Bf6 18. f4 Bxe5 19. fxe5 Qb4 20. Rd3 0-0-0 21. Bd2 Qe7 22. g5 Kb7 23. Rf3 Nb6 24. Rf4 Rd7 25. b3 Rhd8 26. Bc1 Nd5 27. Rf3 b4 28. Bb2 c5 29. Rhf1 cxd4 30. Bxd4 Nc7 31. Bb2 Nb5 32. Rf4 Kb8 33. Qf3 Qc5 34. Rc4 Qd5 35. Qxd5 Rxd5 36. Rxb4 a5 37. c4 Rd1+ 38. Rxd1 Rxd1+ 39. Kc2 axb4 40. Kxd1 Na7 41. a3 bxa3 42. Bxa3 Nc6 43. Bf8 Nd4 44. b4 Nf5 45. Kc2 Nxh4 46. Bxg7 Nf3 47. Bf6 Kc7 48. Kd3 Kb6 49. Ke3 Ne1 50. Be7 Kc6 51. Ke4 Nc2 52. Bc5 Ne1 53. Be3 Kb7 54. Bd2 Ng2 55. b5 Nh4 56. c5 Nf5 57. Ba5 Ne7 58. c6+ Kb8 59. Kd4 Kc8 60. Kc5 1-0

[Event "Mittelfranken-chTB1 0910"]
[Site "Mittelfranken"]
[Date "2009.12.06"]
[Round "4.3"]
[White "Fischer, Gerd"]
[Black "Kociurzynski, Andre"]
[Result "1-0"]
[WhiteElo "2043"]
[BlackElo "1947"]
[PlyCount "67"]
[EventDate "2009.10.11"]
[EventType "team-tourn"]
[EventRounds "9"]
[EventCountry "GER"]
[SourceTitle "EXT 2011"]
[Source "ChessBase"]
[SourceDate "2010.11.26"]
[SourceVersion "1"]
[SourceVersionDate "2010.11.26"]
[SourceQuality "1"]
[WhiteTeam "Gunzenhausen"]
[BlackTeam "Fuerth SF"]
[WhiteTeamCountry "GER"]
[BlackTeamCountry "GER"]

1. e4 d5 2. exd5 Qxd5 3. Nc3 Qd6 4. d4 Nf6 5. Nf3 a6 6. Bd3 Bg4 7. h3 Bh5 8. Ne4 Nxe4 9. Bxe4 Nd7 10. c3 0-0-0 11. Qb3 Qb6 12. Qxb6 Nxb6 13. g4 Bg6 14. Bxg6 fxg6 15. Ng5 Rd5 16. Bf4 e6 17. Nxe6 Bd6 18. 0-0-0 Re8 19. Bxd6 Rxe6 20. Be5 Nc4 21. f4 Ra5 22. a3 g5 23. Rde1 Rb5 24. f5 Reb6 25. b4 Nxa3 26. Bxg7 Rc6 27. Kb2 Nc4+ 28. Kc2 Nd6 29. Kd3 a5 30. bxa5 Rxa5 31. Ra1 Rxa1 32. Rxa1 Ne8 33. Be5 Kd7 34. h4 1-0

[Event "Nuremberg Zabo op 11th"]
[Site "Nuremberg"]
[Date "2009.09.19"]
[Round "2"]
[White "Wettermann, Bernd"]
[Black "Kociurzynski, Andre"]
[Result "1/2-1/2"]
[WhiteElo "1746"]
[BlackElo "1977"]
[PlyCount "56"]
[EventDate "2009.09.18"]
[EventType "swiss"]
[EventRounds "5"]
[EventCountry "GER"]
[SourceTitle "EXT 2012"]
[Source "ChessBase"]
[SourceDate "2011.11.24"]
[SourceVersion "1"]
[SourceVersionDate "2011.11.24"]
[SourceQuality "1"]

1. e4 d5 2. exd5 Qxd5 3. Nc3 Qd6 4. d4 Nf6 5. Nge2 e6 6. g3 a6 7. Bg2 Be7 8. 0-0 0-0 9. Na4 Ra7 10. c4 b5 11. Nc5 bxc4 12. Qc2 Nd5 13. Qxc4 Nd7 14. Rd1 N7f6 15. b4 Bd7 16. Nxd7 Qxd7 17. a3 Rd8 18. Bb2 Nb6 19. Qc1 Nfd5 20. Nc3 Bf6 21. Ne4 Be7 22. Nc5 Qc8 23. Qc2 Bf6 24. Bh3 Re8 25. Re1 Qd8 26. Rad1 Nc8 27. Qb3 c6 28. Qa4 Ncb6 1/2-1/2

[Event "Nuremberg Zabo op 11th"]
[Site "Nuremberg"]
[Date "2009.09.18"]
[Round "1"]
[White "Kociurzynski, Andre"]
[Black "Weber, Daniel1111"]
[Result "1-0"]
[WhiteElo "1977"]
[BlackElo "1508"]
[PlyCount "67"]
[EventDate "2009.09.18"]
[EventType "swiss"]
[EventRounds "5"]
[EventCountry "GER"]
[SourceTitle "EXT 2012"]
[Source "ChessBase"]
[SourceDate "2011.11.24"]
[SourceVersion "1"]
[SourceVersionDate "2011.11.24"]
[SourceQuality "1"]

1. e4 e6 2. Qe2 Bc5 3. Nf3 Nc6 4. c3 e5 5. b4 Bb6 6. b5 Na5 7. Nxe5 d6 8. Nf3 a6 9. bxa6 Rxa6 10. d4 Be6 11. Nbd2 Ra7 12. g3 Ne7 13. Bg2 0-0 14. 0-0 Qd7 15. Ng5 Bg4 16. Bf3 Bxf3 17. Ngxf3 f5 18. e5 Nd5 19. Bb2 f4 20. c4 Nb4 21. e6 Qe7 22. a3 Na6 23. Rae1 g5 24. g4 Raa8 25. Kg2 Rae8 26. Qd3 h6 27. d5 Qh7 28. Ne4 Qg6 29. Qc3 Kh7 30. Rh1 Re7 31. h4 gxh4 32. Rxh4 Qg7 33. Qc2 Qg6 34. Neg5+ 1-0

[Event "Mittelfranken-chTB1 0809"]
[Site "Mittelfranken"]
[Date "2009.03.08"]
[Round "7.1"]
[White "Kociurzynski, Andre"]
[Black "Naegelein, Andreas"]
[Result "1-0"]
[WhiteElo "1999"]
[BlackElo "1910"]
[PlyCount "51"]
[EventDate "2008.10.12"]
[EventType "team"]
[EventRounds "9"]
[EventCountry "GER"]
[SourceTitle "EXT 2011"]
[Source "ChessBase"]
[SourceDate "2010.11.26"]
[SourceVersion "1"]
[SourceVersionDate "2010.11.26"]
[SourceQuality "1"]
[WhiteTeam "Fuerth SF"]
[BlackTeam "Postbauer II"]
[WhiteTeamCountry "GER"]
[BlackTeamCountry "GER"]

1. e4 e6 2. d4 d5 3. e5 c5 4. c3 Qb6 5. Nf3 Nc6 6. Be2 Nh6 7. Bd3 Bd7 8. 0-0 cxd4 9. cxd4 Nxd4 10. Nxd4 Qxd4 11. Nc3 a6 12. Be3 Qxe5 13. Re1 Qd6 14. b4 Rc8 15. Rc1 Be7 16. Bc5 Qc6 17. Bxe7 Kxe7 18. Bb5 Qd6 19. Nxd5+ Kf8 20. Rxc8+ Bxc8 21. Qc2 Bd7 22. Bxd7 Qxd7 23. Qc5+ Kg8 24. Ne7+ Kf8 25. Ng6+ Kg8 26. Qf8# 1-0

[Event "Nuremberg Zabo op 10th"]
[Site "Nuremberg"]
[Date "2008.09.20"]
[Round "2"]
[White "Kociurzynski, Andre"]
[Black "Winterfeldt, Steffen"]
[Result "1-0"]
[WhiteElo "1999"]
[BlackElo "1788"]
[PlyCount "123"]
[EventDate "2008.09.19"]
[EventType "swiss"]
[EventRounds "5"]
[EventCountry "GER"]
[SourceTitle "EXT 2012"]
[Source "ChessBase"]
[SourceDate "2011.11.24"]
[SourceVersion "1"]
[SourceVersionDate "2011.11.24"]
[SourceQuality "1"]

1. e4 c5 2. Nf3 Nc6 3. d4 cxd4 4. Nxd4 e6 5. Nc3 d6 6. Nb3 Nf6 7. Bg5 Be7 8. Qd2 d5 9. Bxf6 Bxf6 10. exd5 exd5 11. Nxd5 Bxb2 12. Rb1 Ba3 13. Bc4 0-0 14. 0-0 Be6 15. Rfd1 Ne5 16. Be2 Rc8 17. Qd4 Nc6 18. Qe4 Qg5 19. Bd3 g6 20. Ne3 Rc7 21. Nd2 Bxa2 22. Rb5 Qe7 23. Qa4 Be6 24. Ndc4 Bc5 25. Re1 Rd8 26. Qa1 a6 27. Rbb1 Bd4 28. c3 Bg7 29. Rbd1 Qf6 30. Qb1 Qxc3 31. Bf1 Rxd1 32. Rxd1 Bxc4 33. Nxc4 b5 34. Nd6 Qe5 35. Qa2 Rd7 36. Nc4 Qe6 37. Rxd7 Qxd7 38. Nb6 Qb7 39. Nd5 a5 40. Qc2 a4 41. Qxc6 Qxc6 42. Ne7+ Kf8 43. Nxc6 a3 44. Nb4 Bc3 45. Na2 b4 46. Bc4 Ke7 47. Kf1 f5 48. Ke2 Kf6 49. Nxc3 bxc3 50. Kd3 g5 51. Kxc3 Ke5 52. Kb3 Kd4 53. Be6 Ke5 54. Bg8 h5 55. Kc2 h4 56. Kd2 Ke4 57. f3+ Kf4 58. Ke2 g4 59. Kf2 h3 60. g3+ Ke5 61. fxg4 f4 62. Kf3 1-0